| 000 | 00550nam a2200193Ia 4500 | ||
|---|---|---|---|
| 005 | 20250923144722.0 | ||
| 008 | 008 250917s9999 xx 000 0 eng d | ||
| 037 | _aTextual | ||
| 040 |
_aDSWL _beng _cDSWL |
||
| 041 |
_aeng _2eng |
||
| 084 |
_aY:393z7 _qDSWL |
||
| 100 |
_aBerlson, B. _9827711 |
||
| 245 | 0 |
_aReader in Public opinion and communication _cby B. Berlson |
|
| 260 |
_aGlencoe _b Free Press _c1953 |
||
| 300 | _axi,611p. | ||
| 700 |
_a M. Janowitz _9827712 |
||
| 942 |
_cTEXL _hY:393z7 |
||
| 999 |
_c1442459 _d1442459 |
||